Geomorfologické pomery ŠPR Vtáčnik

Podrobná bibliografia
Hlavní autori: Mederly, Peter, 1948- (Autor), Hreško, Juraj, 1957- (Autor), Rusňáková, Anna (Autor)
Médium: Článok
Jazyk:slovenčina
Fyzický popis:Tab. 2, res. angl., lit. 3 zázn. v angl., slov.
Predmet:

MARC

LEADER 00000nab a2200000 a 4500
001 vtls000491472
003 SK-MaSNL
005 20260303020518.0
008 120927c1992 xo 0 slo
015 |a SNBRA19rr/mm-uuuuu 
035 |a CL0491610 
040 |a SNKBUCL  |b slo  |c SNKBUCL  |e AACR2 
041 0 |a slo 
044 |a xo  |c SK 
080 |a 551.4(234.372.3):502.4(437.6)  |2 1981 
080 |a 502.4(437.6)  |2 1981 
100 1 |a Mederly, Peter,  |d 1948-  |4 aut  |9 200795 
245 1 0 |a Geomorfologické pomery ŠPR Vtáčnik  |c Peter Mederly, Juraj Hreško, Anna Rusňáková 
300 |b Tab. 2, res. angl., lit. 3 zázn. v angl., slov. 
650 0 7 |a geomorfológia  |2 snkbucl  |9 22491 
650 0 7 |a Vtáčnik (rezervácia prírodná štátna)  |2 snkbucl  |9 1000439 
655 7 |a články zo zborníkov  |2 snkbucl  |9 166140 
700 1 |a Hreško, Juraj,  |d 1957-  |4 aut  |9 239476 
700 1 |a Rusňáková, Anna  |4 aut  |9 46617 
773 0 |t Rosalia 8  |d Nitra : Správa CHKO Ponitrie, 1992  |g S. 15-23 
850 |a Slovenská národná knižnica v Martine  |a MTA001 
852 |a SNK  |b KIS3GCP 
958 |a RK 
992 |a RZB 
999 |c 1618673  |d 1620603